[Event "NM for klubblag 2017"]
[Site "Scandic Kristiansund"]
[Date "2017.10.20"]
[Round "3"]
[White "Kallset, Tore"]
[Black "Ji, Jiahao Eric"]
[Result "1-0"]
[WhiteElo "1591"]
[BlackElo "1191"]
[PlyCount "68"]
[EventDate "2017.??.??"]

1. Nf3 d5 2. g3 Nf6 3. Bg2 Nc6 4. d4 e6 5. O-O Bd6 6. c4 Ne7 7. c5 Bxc5 8. dxc5
Nc6 9. Bg5 O-O 10. a3 h6 11. Bxf6 Qxf6 12. Nc3 Re8 13. e3 Bd7 14. Rc1 Rad8 15.
b4 a6 16. Nd4 Nxd4 17. Qxd4 e5 18. Qxd5 Bb5 19. Qxb7 Bxf1 20. Bxf1 Rd2 21. Ne4
Qf3 22. Bg2 Rd1+ 23. Rxd1 Qxd1+ 24. Bf1 Qf3 25. Nd6 Qxb7 26. Nxb7 Rb8 27. Bxa6
Ra8 28. b5 c6 29. a4 cxb5 30. axb5 Rc8 31. c6 Rb8 32. Nd6 Rb6 33. c7 Rxd6 34.
c8=Q+ Kh7
1-0

[Event "NM for klubblag 2017"]
[Site "Scandic Kristiansund"]
[Date "2017.10.20"]
[Round "3"]
[White "Strømhaug, Kristoffer Wang"]
[Black "Kallset, Øystein Viken"]
[Result "0-1"]
[WhiteElo "1100"]
[BlackElo "960"]
[PlyCount "56"]
[EventDate "2017.??.??"]

1. Nf3 Nf6 2. g3 Nc6 3. Bg2 e5 4. d3 Bc5 5. Nbd2 O-O 6. O-O d5 7. e4 d4 8. Nc4
Re8 9. a3 b5 10. Ncd2 a5 11. b3 Bd6 12. Bb2 Ne7 13. Nxd4 exd4 14. e5 Bg4 15.
Qe1 Ng6 16. Bxa8 Qxa8 17. f3 Nxe5 18. fxg4 Nf3+ 19. Nxf3 Rxe1 20. Raxe1 c5 21.
g5 Ng4 22. Re4 f5 23. gxf6 Nxf6 24. Re6 Qd5 25. Rfe1 Bxg3 26. hxg3 Qxf3 27. Rf1
Qxg3+ 28. Kh1 Qh3+
0-1

[Event "NM for klubblag 2017"]
[Site "Scandic Kristiansund"]
[Date "2017.10.20"]
[Round "3"]
[White "Dubonnet, Emerik"]
[Black "Jacobsen, Stig Jerlow"]
[Result "1-0"]
[WhiteElo "960"]
[BlackElo "917"]
[Annotator "05benbjo"]
[PlyCount "89"]
[EventDate "2017.??.??"]

1. d4 d5 2. c4 Nf6 3. Nc3 c6 4. Nf3 Bf5 5. Bf4 h6 6. e3 e6 7. Be2 dxc4 8. Bxc4
Be7 9. O-O O-O 10. h3 Nbd7 11. Qe2 Nd5 12. Bh2 Bg6 13. e4 Nxc3 14. bxc3 Nb6 15.
Bb3 Nd7 16. a4 a5 17. Rab1 Nf6 18. Bc2 Ra7 19. Rb3 Ne8 20. Rfb1 Qc8 21. Ne5 Bd6
22. Nxg6 Bxh2+ 23. Kxh2 fxg6 24. e5 g5 25. Qe4 Kf7 26. f4 gxf4 27. Rf1 Ke7 28.
c4 Kd8 29. d5 cxd5 30. cxd5 Nc7 31. dxe6 Nxe6 32. Rd1+ Ke8 33. Qg6+ Ke7 34. Rb6
Ra6 35. Rbd6 Rxd6 36. exd6+ Kd8 37. Bf5 Rf6 38. Qh7 Kd7 39. Qxg7+ Kc6 40. Qxf6
Qg8 41. Qxe6 Qg3+ 42. Kg1 f3 43. d7+ Kc5 44. Qd5+ Kb4 45. Qxf3
1-0

[Event "NM for klubblag 2017"]
[Site "Scandic Kristiansund"]
[Date "2017.10.20"]
[Round "3"]
[White "Ribe, Kristin"]
[Black "Broch-Austvoll, Torleiv"]
[Result "1-0"]
[WhiteElo "830"]
[BlackElo "735"]
[Annotator "05benbjo"]
[PlyCount "137"]
[EventDate "2017.??.??"]

1. d4 d5 2. c4 c6 3. Nf3 g6 4. Bf4 Nd7 5. e3 Bg7 6. cxd5 cxd5 7. Bb5 Ngf6 8.
Nc3 O-O 9. Rc1 a6 10. Bd3 b5 11. b4 Re8 12. O-O Bb7 13. Qe2 Bc6 14. Ne5 Nxe5
15. Bxe5 Qd7 16. Nb1 Ne4 17. Bxg7 Kxg7 18. Nd2 e5 19. Nf3 exd4 20. exd4 Re6 21.
Ne5 Qe7 22. Nxc6 Qh4 23. f3 Ng5 24. Qf2 Qf4 25. Ne5 h5 26. h4 f6 27. Rc6 fxe5
28. Rxe6 Nxe6 29. Re1 Nxd4 30. Qe3 Qxe3+ 31. Rxe3 Nc6 32. a3 Re8 33. Kf2 d4 34.
Re2 Kf6 35. Be4 Ne7 36. Rc2 g5 37. g3 gxh4 38. gxh4 Ke6 39. Rc7 Kd6 40. Ra7 Nd5
41. Rxa6+ Kc7 42. Bxd5 Rd8 43. Be4 d3 44. Rc6+ Kb8 45. Rc1 Ka7 46. Rd1 d2 47.
Ke2 Kb6 48. Rxd2 Rf8 49. Rd5 Re8 50. Bg6 Rg8 51. Bxh5 Rg2+ 52. Ke3 Ra2 53. Rxe5
Rxa3+ 54. Kd4 Ra1 55. Bg6 Rh1 56. h5 Rh4+ 57. Re4 Rh3 58. f4 Rb3 59. h6 Rxb4+
60. Ke5 Rb1 61. h7 Rh1 62. Kf5 Kc5 63. Re8 b4 64. h8=Q Rxh8 65. Rxh8 Kc4 66.
Rh3 b3 67. Ke6 Kb4 68. f5 b2 69. f6
1-0

[Event "NM for klubblag 2017"]
[Site "Scandic Kristiansund"]
[Date "2017.10.20"]
[Round "3"]
[White "Hoem, Tor Wetle"]
[Black "Myhre, Mads Wollan"]
[Result "1-0"]
[WhiteElo "1852"]
[BlackElo "1447"]
[PlyCount "37"]
[EventDate "2017.??.??"]

1. d4 d5 2. Nf3 Nf6 3. e3 e6 4. Bd3 Bd6 5. Nbd2 O-O 6. b3 c6 7. Bb2 Nbd7 8. Ne5
Qc7 9. f4 c5 10. O-O a6 11. Rf3 b5 12. Nxd7 Bxd7 13. dxc5 Bxc5 14. Bxf6 gxf6
15. Rg3+ Kh8 16. Qh5 f5 17. Rh3 Bxe3+ 18. Kh1 Kg7 19. Qxh7+
1-0

[Event "NM for klubblag 2017"]
[Site "Scandic Kristiansund"]
[Date "2017.10.20"]
[Round "3"]
[White "Gils, Jonas"]
[Black "Hoem, Audun"]
[Result "0-1"]
[WhiteElo "574"]
[BlackElo "1674"]
[Annotator "05benbjo"]
[PlyCount "72"]
[EventDate "2017.??.??"]

1. e4 c5 2. Nf3 g6 3. Nc3 Nc6 4. Bc4 Bg7 5. d3 d6 6. Bf4 Nf6 7. Nd5 O-O 8. Qe2
a6 9. Nxf6+ Bxf6 10. O-O Bxb2 11. Rab1 Bg7 12. Ng5 e6 13. Qf3 h6 14. Nh3 b5 15.
Bb3 Bb7 16. c4 b4 17. Qe3 Kh7 18. Ng5+ hxg5 19. Bxg5 Qd7 20. Ba4 Rh8 21. Qh3+
Kg8 22. Qg3 Be5 23. Bf4 Bxf4 24. Qxf4 Nd4 25. Bxd7 Ne2+ 26. Kh1 Nxf4 27. a3 a5
28. axb4 axb4 29. g3 Nxd3 30. Rbd1 Ra3 31. Rd2 Kf8 32. Rfd1 Bxe4+ 33. Kg1 Ke7
34. Bb5 Rha8 35. Re2 Bf3 36. Rxd3 Ra1+
0-1

[Event "NM for klubblag 2017"]
[Site "Scandic Kristiansund"]
[Date "2017.10.20"]
[Round "3"]
[White "Lund, Terje"]
[Black "Eriksen, Matts"]
[Result "1-0"]
[WhiteElo "2029"]
[BlackElo "1554"]
[Annotator "05benbjo"]
[PlyCount "63"]
[EventDate "2017.??.??"]

1. d4 Nf6 2. Nf3 g6 3. c4 Bg7 4. g3 d6 5. Bg2 Nbd7 6. Nc3 O-O 7. O-O e5 8. h3
exd4 9. Nxd4 Nc5 10. e4 Ne6 11. Be3 a6 12. Qd2 Nxd4 13. Bxd4 Be6 14. b3 Qd7 15.
Kh2 h5 16. Nd5 Nh7 17. Bxg7 Kxg7 18. Qd4+ f6 19. f4 Rae8 20. Rae1 c6 21. Ne3
Bg8 22. Rd1 Rd8 23. c5 d5 24. exd5 cxd5 25. Nxd5 Qb5 26. Qb4 Qe8 27. Rfe1 Qd7
28. Re7+ Qxe7 29. Nxe7 Rxd1 30. Nxg8 Kxg8 31. Qxb7 Rfd8 32. c6
1-0

[Event "NM for klubblag 2017"]
[Site "Scandic Kristiansund"]
[Date "2017.10.20"]
[Round "3"]
[White "Romanov, Evgeny"]
[Black "Haug, Johannes"]
[Result "1-0"]
[WhiteElo "2596"]
[BlackElo "2363"]
[Annotator "05benbjo"]
[PlyCount "74"]
[EventDate "2017.??.??"]

1. d4 Nf6 2. Bg5 e6 3. Nd2 h6 4. Bh4 d5 5. e3 c5 6. c3 Nc6 7. Ngf3 Be7 8. Bd3
O-O 9. Qe2 b6 10. O-O Bb7 11. dxc5 bxc5 12. Rfe1 Qb6 13. Rab1 a5 14. e4 Ba6 15.
exd5 Bxd3 16. Qxd3 Nxd5 17. Bg3 Rfd8 18. a4 Qa6 19. Qb5 Rd7 20. Nc4 Rb7 21.
Qxa6 Rxa6 22. Nfd2 Rd7 23. Rbd1 Ra8 24. f3 Rb7 25. Bf2 Nb6 26. Nxb6 Rxb6 27.
Nc4 Rb7 28. Re2 Kf8 29. Nd6 Rd7 30. Bxc5 Rad8 31. Red2 g5 32. Kf1 f5 33. b4
axb4 34. cxb4 e5 35. Ke2 Nd4+ 36. Bxd4 exd4 37. Nxf5 Bxb4
1-0

[Event "NM for klubblag 2017"]
[Site "Scandic Kristiansund"]
[Date "2017.10.20"]
[Round "3"]
[White "Tryggestad, Andreas G"]
[Black "Tari, Aryan"]
[Result "0-1"]
[WhiteElo "2212"]
[BlackElo "2586"]
[Annotator "05benbjo"]
[PlyCount "68"]
[EventDate "2017.??.??"]

1. e4 e5 2. Nf3 Nc6 3. Bb5 a6 4. Bxc6 dxc6 5. O-O Bd6 6. d4 exd4 7. Qxd4 f6 8.
Be3 Ne7 9. Nbd2 Be6 10. Qc3 Qd7 11. Nd4 O-O-O 12. N2b3 b6 13. a4 c5 14. Nxe6
Qxe6 15. a5 Qxe4 16. axb6 cxb6 17. Rxa6 Nd5 18. Qd3 Qxd3 19. cxd3 Rhe8 20. Nd2
Nxe3 21. fxe3 Bc7 22. Nc4 Rxd3 23. Nxb6+ Kb7 24. Na4 Re5 25. Ra1 c4 26. Nc3 Bb6
27. Kh1 Rdxe3 28. g3 Rh5 29. R6a3 Rxg3 30. Ne4 Rxa3 31. Rxa3 Bc7 32. h3 Kc6 33.
Kg2 Rb5 34. Ra6+ Bb6
0-1

[Event "NM for klubblag 2017"]
[Site "Scandic Kristiansund"]
[Date "2017.10.20"]
[Round "3"]
[White "Christiansen, Johan-Sebastian"]
[Black "Nordquelle, Daniel"]
[Result "1-0"]
[WhiteElo "2459"]
[BlackElo "2068"]
[Annotator "05benbjo"]
[PlyCount "77"]
[EventDate "2017.??.??"]

1. c4 e6 2. g3 d5 3. Bg2 Nf6 4. Nf3 c6 5. d4 Nbd7 6. O-O Bd6 7. Nfd2 b6 8. Nc3
Bb7 9. e4 dxe4 10. Ndxe4 Nxe4 11. Nxe4 Be7 12. Qg4 Kf8 13. Qe2 Nf6 14. Ng5 h6
15. Nf3 c5 16. Rd1 Qe8 17. Be3 Rc8 18. a4 a5 19. dxc5 Bxc5 20. Bxc5+ Rxc5 21.
Rd6 Bc6 22. Rad1 Ke7 23. Ne5 Bxa4 24. R1d2 Qc8 25. b3 Be8 26. Rxb6 Kf8 27. Rbd6
g6 28. Qe3 Kg7 29. Qc3 h5 30. Nd3 Rc7 31. Qxa5 Bc6 32. Bxc6 Rxc6 33. Nf4 Rxd6
34. Rxd6 Qb8 35. Qb6 Qa8 36. Qd4 Qa5 37. Nxe6+ fxe6 38. Rd7+ Kh6 39. Qxf6
1-0

[Event "NM for klubblag 2017"]
[Site "Scandic Kristiansund"]
[Date "2017.10.20"]
[Round "3"]
[White "Sjøberg, Isak"]
[Black "Holm, Kristian Stuvik"]
[Result "1/2-1/2"]
[WhiteElo "2034"]
[BlackElo "2433"]
[Annotator "05benbjo"]
[PlyCount "54"]
[EventDate "2017.??.??"]

1. e4 c5 2. Nf3 Nc6 3. Bb5 g6 4. O-O Bg7 5. d3 Nf6 6. Nc3 O-O 7. e5 Ng4 8. Bxc6
bxc6 9. Bf4 f6 10. Re1 fxe5 11. Bxe5 Nxe5 12. Nxe5 Qc7 13. Nf3 d6 14. Qd2 Rb8
15. Rab1 Bg4 16. Ng5 Bd4 17. Rf1 Qa5 18. Qe1 e5 19. Qe4 Bd7 20. Qh4 h5 21. Nge4
Bxc3 22. bxc3 Rxb1 23. Rxb1 Qxa2 24. Re1 Qe6 25. Rb1 Qa2 26. Re1 Qe6 27. Ra1 d5
1/2-1/2

[Event "NM for klubblag 2017"]
[Site "Scandic Kristiansund"]
[Date "2017.10.20"]
[Round "3"]
[White "Mihajlov, Sebastian"]
[Black "Kyrkjebø, Erlend"]
[Result "1-0"]
[WhiteElo "2365"]
[BlackElo "2103"]
[Annotator "05benbjo"]
[PlyCount "53"]
[EventDate "2017.??.??"]

1. d4 Nf6 2. c4 e6 3. Nf3 b6 4. a3 Bb7 5. Nc3 Be7 6. d5 d6 7. g3 e5 8. Bg2 O-O
9. O-O a5 10. Rb1 Bc8 11. Ne1 Nfd7 12. e4 f5 13. exf5 Rxf5 14. b4 Bg5 15. Be4
Rf8 16. Qh5 h6 17. Qg6 Qf6 18. Qh7+ Kf7 19. Bf5 Ke7 20. Be6 Kd8 21. Ne4 Qe7 22.
Bxg5 hxg5 23. Qg6 axb4 24. axb4 Ra2 25. Ng2 b5 26. c5 dxc5 27. d6
1-0

[Event "NM for klubblag 2017"]
[Site "Scandic Kristiansund"]
[Date "2017.10.20"]
[Round "3"]
[White "Nærheim, Mats"]
[Black "Tjora, Tord"]
[Result "0-1"]
[WhiteElo "1556"]
[BlackElo "1643"]
[PlyCount "76"]
[EventDate "2017.??.??"]

1. e4 e6 2. Qe2 c5 3. d3 Nc6 4. Nf3 Nge7 5. g3 g6 6. Bg2 Bg7 7. Nc3 d5 8. e5 h6
9. O-O g5 10. Nb5 Ng6 11. c4 O-O 12. Be3 d4 13. Bd2 Ncxe5 14. Nxe5 Nxe5 15. f4
Ng6 16. fxg5 hxg5 17. Qh5 Ne5 18. Bxg5 f6 19. Be4 Rf7 20. Bf4 f5 21. Bxe5 Bxe5
22. Bf3 Rh7 23. Qg6+ Rg7 24. Qh5 a6 25. Na3 Bd7 26. Rae1 Qc7 27. Rf2 Rh7 28.
Qg6+ Kh8 29. Qg5 Rg8 30. Qd2 Rhg7 31. Qh6+ Rh7 32. Qd2 Rhg7 33. Qh6+ Rh7 34.
Qd2 Bc6 35. Bxc6 bxc6 36. Qe2 Bxg3 37. hxg3 Qxg3+ 38. Rg2 Qh2+
0-1

[Event "NM for klubblag 2017"]
[Site "Scandic Kristiansund"]
[Date "2017.10.20"]
[Round "3"]
[White "Langvik, Ulrikke"]
[Black "Helgøy, Håkon Hembre"]
[Result "0-1"]
[WhiteElo "1536"]
[BlackElo "1427"]
[PlyCount "88"]
[EventDate "2017.??.??"]

1. d4 Nf6 2. c4 e6 3. Nc3 Bb4 4. Qc2 c5 5. e3 Nc6 6. Nf3 cxd4 7. exd4 d5 8. Be3
Ne4 9. O-O-O Nxc3 10. bxc3 Ba3+ 11. Kb1 Qa5 12. cxd5 exd5 13. Bd3 Be6 14. Rhe1
h6 15. Ka1 O-O 16. Rb1 Qc7 17. Qd2 Qd7 18. h3 a6 19. Nh2 Na5 20. Nf3 Bf5 21.
Ne5 Qe6 22. g4 Bxd3 23. Qxd3 Nc4 24. Nxc4 dxc4 25. Qf1 b5 26. Qg2 Qg6 27. f4
Qd3 28. Qd2 Qxd2 29. Bxd2 Rfe8 30. Rxe8+ Rxe8 31. Re1 Kf8 32. Kb1 a5 33. Re5
Rxe5 34. fxe5 Ke7 35. Kc2 Ke6 36. h4 Be7 37. h5 f5 38. gxf5+ Kxf5 39. Be3 Bg5
40. Bxg5 hxg5 41. a3 g4 42. Kd2 g3 43. Ke2 g2 44. Kf2 b4
0-1

[Event "NM for klubblag 2017"]
[Site "Scandic Kristiansund"]
[Date "2017.10.20"]
[Round "3"]
[White "Løfaldli, Sofie"]
[Black "Ruud, Ulrik"]
[Result "1-0"]
[WhiteElo "1236"]
[BlackElo "1301"]
[PlyCount "53"]
[EventDate "2017.??.??"]

1. e4 e6 2. d4 d5 3. e5 c5 4. c3 Nc6 5. Nf3 Qb6 6. a3 cxd4 7. cxd4 Bd7 8. b4 a6
9. Be2 Nge7 10. O-O Nf5 11. Be3 Na7 12. Nc3 Nb5 13. Nxb5 Bxb5 14. Rc1 Bxe2 15.
Qxe2 Be7 16. Qc2 O-O 17. Qc7 Qb5 18. g4 Nxe3 19. fxe3 Bd8 20. Qc2 Bb6 21. Ng5
g6 22. Qf2 h6 23. Nxf7 Qd7 24. Nxh6+ Kg7 25. Qh4 Rh8 26. Qf6+ Kxh6 27. Rf3
1-0

[Event "NM for klubblag 2017"]
[Site "Scandic Kristiansund"]
[Date "2017.10.20"]
[Round "3"]
[White "Hansen, Torbjørn R."]
[Black "Flatebø, Hallvard Haug"]
[Result "1-0"]
[WhiteElo "2402"]
[BlackElo "1494"]
[PlyCount "57"]
[EventDate "2017.??.??"]

1. e4 c5 2. Nf3 d6 3. d4 cxd4 4. Nxd4 Nf6 5. Nc3 a6 6. Be2 e6 7. Be3 Be7 8. Qd2
O-O 9. g4 Nc6 10. g5 Nd7 11. h4 Nxd4 12. Bxd4 f6 13. Rg1 b5 14. O-O-O Nb6 15.
Rg3 b4 16. Nb1 e5 17. Be3 Rb8 18. g6 f5 19. gxh7+ Kh8 20. Rdg1 Bf6 21. Bg5 f4
22. Bxf6 Rxf6 23. Rxg7 Be6 24. Rg8+ Bxg8 25. Rxg8+ Qxg8 26. hxg8=Q+ Rxg8 27.
Qxb4 Nd7 28. Nc3 Nf8 29. Bf3
1-0

[Event "NM for klubblag 2017"]
[Site "Scandic Kristiansund"]
[Date "2017.10.20"]
[Round "3"]
[White "Fuglestein, Sander"]
[Black "Risting, Eivind Olav"]
[Result "1/2-1/2"]
[WhiteElo "1445"]
[BlackElo "2323"]
[PlyCount "49"]
[EventDate "2017.??.??"]

1. e4 c6 2. Nc3 d5 3. Nf3 Nf6 4. exd5 cxd5 5. d4 Nc6 6. Be2 Bg4 7. O-O e6 8.
Be3 Bb4 9. Ne5 Nxe5 10. dxe5 Bxe2 11. Nxe2 Nd7 12. f4 O-O 13. c3 Bc5 14. Bxc5
Nxc5 15. Nd4 f6 16. Qe2 f5 17. Kh1 Qd7 18. Rad1 Rfd8 19. g4 fxg4 20. Qxg4 Kh8
21. f5 exf5 22. Qxf5 Qe7 23. e6 Ne4 24. Qe5 Qh4 25. Nf5
1/2-1/2

[Event "NM for klubblag 2017"]
[Site "Scandic Kristiansund"]
[Date "2017.10.20"]
[Round "3"]
[White "Ranaldi, Lucas"]
[Black "Seglem, Ole Andre"]
[Result "1-0"]
[WhiteElo "2247"]
[BlackElo "1144"]
[PlyCount "64"]
[EventDate "2017.??.??"]

1. d4 Nf6 2. Bg5 d6 3. Bxf6 gxf6 4. c4 Bg7 5. Nf3 Bg4 6. e3 O-O 7. Bd3 Nd7 8.
Qc2 h6 9. Nh4 e6 10. h3 Bh5 11. Nd2 f5 12. Nhf3 Qf6 13. Rg1 Rfe8 14. g4 fxg4
15. hxg4 Bg6 16. g5 hxg5 17. Bxg6 Qxg6 18. Qxg6 fxg6 19. Rxg5 Kf7 20. Ne4 Rh8
21. Ke2 Rag8 22. Rag1 Nf8 23. Ra5 a6 24. b4 Nd7 25. d5 Nf8 26. b5 axb5 27. Ra7
bxc4 28. Rxb7 exd5 29. Rxc7+ Ke6 30. Neg5+ Kf5 31. Rf7+ Bf6 32. Nd4+ Ke5
1-0

[Event "NM for klubblag 2017"]
[Site "Scandic Kristiansund"]
[Date "2017.10.20"]
[Round "3"]
[White "Vestby-Ellingsen, Mads"]
[Black "Standal, Egil Arne"]
[Result "1-0"]
[WhiteElo "2159"]
[BlackElo "1609"]
[PlyCount "112"]
[EventDate "2017.??.??"]

1. d4 Nf6 2. Nf3 g6 3. Nbd2 Bg7 4. e4 d6 5. Bd3 O-O 6. O-O c5 7. c3 Nc6 8. Re1
e5 9. d5 Ne7 10. b4 b6 11. a4 Nh5 12. a5 Bg4 13. h3 Bxf3 14. Nxf3 Nf4 15. Bf1
Qd7 16. Be3 f5 17. Ng5 Bf6 18. Ne6 Nxe6 19. dxe6 Qxe6 20. Qa4 b5 21. Bxb5 f4
22. Bc1 f3 23. Bd7 Qc4 24. bxc5 Qxc5 25. Ba3 Qc7 26. g3 Rad8 27. Be6+ Kh8 28.
Bb4 Bg5 29. Rad1 Rf6 30. Ba2 Qc8 31. Kh2 Ng8 32. Bxg8 Kxg8 33. Rd3 Qe6 34. Red1
Qc4 35. Rxd6 Rfxd6 36. Rxd6 Rf8 37. Qd1 Qxe4 38. Qd5+ Qxd5 39. Rxd5 Re8 40. Bd6
Bf6 41. Bc5 a6 42. Be3 Kf7 43. Rc5 e4 44. c4 Bc3 45. Rd5 Re5 46. Rd7+ Ke6 47.
Rxh7 Rxa5 48. c5 Rb5 49. c6 Rb4 50. Ra7 Rc4 51. Rxa6 Be5 52. h4 Kd6 53. c7+
Kxc7 54. Rxg6 Bd4 55. Bxd4 Rxd4 56. Kh3 Rd2
1-0

[Event "NM for klubblag 2017"]
[Site "Scandic Kristiansund"]
[Date "2017.10.20"]
[Round "4"]
[White "Løbersli, Henrik Øie"]
[Black "Olsen, Thorstein"]
[Result "1-0"]
[WhiteElo "2008"]
[BlackElo "1591"]
[Annotator "05benbjo"]
[PlyCount "71"]
[EventDate "2017.??.??"]

1. d4 Nf6 2. Bg5 e6 3. e4 Be7 4. e5 Nd5 5. Bxe7 Qxe7 6. c4 Nb6 7. Nc3 O-O 8.
Nf3 d6 9. exd6 cxd6 10. Bd3 Nc6 11. O-O f5 12. Re1 Nb4 13. Bf1 Bd7 14. a3 Na6
15. b4 Rac8 16. c5 Qf6 17. Qb3 dxc5 18. bxc5 Nxc5 19. dxc5 Rxc5 20. Nb5 Nd5 21.
Nbd4 b6 22. Rad1 Rc3 23. Qa2 Rfc8 24. Ne5 Ba4 25. Rd2 Rc1 26. Rxc1 Rxc1 27. Qb2
Rxf1+ 28. Kxf1 Qxe5 29. Qc1 Bd7 30. Kg1 Kf7 31. Nf3 Qf6 32. Rd1 Ke7 33. Nd4 e5
34. Nxf5+ Qxf5 35. Rxd5 Qe6 36. Qg5+
1-0

[Event "NM for klubblag 2017"]
[Site "Scandic Kristiansund"]
[Date "2017.10.20"]
[Round "4"]
[White "Simensen, Vegard"]
[Black "Sætre, Stig"]
[Result "1/2-1/2"]
[WhiteElo "1909"]
[BlackElo "1535"]
[Annotator "05benbjo"]
[PlyCount "53"]
[EventDate "2017.??.??"]

1. d4 c6 2. Nf3 d5 3. c4 Nf6 4. Nc3 e6 5. e3 Be7 6. Qc2 O-O 7. Bd3 Nbd7 8. O-O
b6 9. e4 dxe4 10. Nxe4 Bb7 11. Rd1 Rc8 12. Nxf6+ Nxf6 13. c5 Re8 14. b4 b5 15.
a4 a6 16. Bf4 g6 17. Be5 Nd5 18. Qd2 Bf8 19. a5 f6 20. Bg3 Kf7 21. h4 Bg7 22.
Rab1 Ne7 23. Re1 Nf5 24. Bxf5 exf5 25. Bd6 Qd7 26. Qa2+ Re6 27. Re2
1/2-1/2

[Event "NM for klubblag 2017"]
[Site "Scandic Kristiansund"]
[Date "2017.10.20"]
[Round "4"]
[White "Kårtvedt, Kåre"]
[Black "Hestholm, Freddy"]
[Result "0-1"]
[WhiteElo "750"]
[BlackElo "840"]
[PlyCount "64"]
[EventDate "2017.??.??"]

1. e4 d5 2. Nc3 d4 3. Nce2 e5 4. d3 Nf6 5. Nf3 Bd6 6. g3 Bg4 7. Bg2 Qd7 8. O-O
h5 9. c3 Bc5 10. Nxe5 Qe6 11. Bf4 Nbd7 12. Nxd7 Qxd7 13. f3 dxc3+ 14. Kh1 Bh3
15. Nxc3 h4 16. Qb3 Bxg2+ 17. Kxg2 Nh5 18. Qxb7 Nxf4+ 19. gxf4 h3+ 20. Kh1 O-O
21. Rae1 Qxd3 22. Qxc7 Rac8 23. Qe5 Rfd8 24. Qh5 Qc2 25. Qg4 Rc6 26. Qxh3 Rd2
27. Qg3 Bf2 28. Qg2 Bxe1 29. Qg4 Rxh2+ 30. Kg1 Rg6 31. Rxe1 Rxg4+ 32. Kf1 Qf2#
0-1

[Event "NM for klubblag 2017"]
[Site "Scandic Kristiansund"]
[Date "2017.10.20"]
[Round "4"]
[White "Elsness, Frode"]
[Black "David, Edwin"]
[Result "1-0"]
[WhiteElo "2472"]
[BlackElo "2148"]
[Annotator "05benbjo"]
[PlyCount "61"]
[EventDate "2017.??.??"]

1. Nf3 e6 2. c4 b6 3. e4 Bb7 4. Nc3 Bb4 5. Bd3 Ne7 6. O-O O-O 7. Bc2 f5 8. exf5
Nxf5 9. Ne4 Be7 10. d4 Qe8 11. d5 exd5 12. cxd5 Qh5 13. Re1 Bb4 14. Nc3 Na6 15.
Re4 Bxc3 16. bxc3 Nc5 17. Rf4 Nh6 18. c4 Rxf4 19. Bxf4 Qg4 20. Qd2 Rf8 21. Bxh6
gxh6 22. Qxh6 Qg7 23. Qxg7+ Kxg7 24. Rd1 Rf4 25. Nd4 Ba6 26. g3 Rf8 27. Nf5+
Kf6 28. Ne3 h6 29. Rd4 h5 30. Rf4+ Kg7 31. Rh4
1-0

[Event "NM for klubblag 2017"]
[Site "Scandic Kristiansund"]
[Date "2017.10.20"]
[Round "4"]
[White "Dahl, Trygve"]
[Black "Hansen, Torbjørn R."]
[Result "0-1"]
[WhiteElo "2185"]
[BlackElo "2402"]
[Annotator "05benbjo"]
[PlyCount "62"]
[EventDate "2017.??.??"]

1. e4 c6 2. d4 d5 3. Nc3 dxe4 4. Nxe4 Nf6 5. Nxf6+ exf6 6. c3 Bd6 7. Bd3 O-O 8.
Ne2 Re8 9. Qc2 h5 10. Be3 Nd7 11. O-O-O Nf8 12. Kb1 Be6 13. Ng3 g6 14. Bh6 f5
15. Bc1 b5 16. Ne2 a5 17. f3 a4 18. g4 fxg4 19. fxg4 hxg4 20. Nf4 Bxf4 21. Bxf4
Qd5 22. a3 Qa2+ 23. Kc1 Bb3 24. Qg2 Qa1+ 25. Bb1 Bd5 26. Qf1 Ne6 27. Be5 Be4
28. Rd3 Nc5 29. dxc5 Rxe5 30. Qe2 Rae8 31. Rhd1 Bf5
0-1

[Event "NM for klubblag 2017"]
[Site "Scandic Kristiansund"]
[Date "2017.10.20"]
[Round "4"]
[White "Dahl, Torbjørn"]
[Black "Ranaldi, Lucas"]
[Result "0-1"]
[WhiteElo "1822"]
[BlackElo "2247"]
[Annotator "05benbjo"]
[PlyCount "82"]
[EventDate "2017.??.??"]

1. e4 c6 2. d3 d5 3. Nd2 g6 4. Ngf3 Bg7 5. g3 e5 6. Bg2 Ne7 7. Qe2 Qc7 8. O-O
O-O 9. Re1 d4 10. Nf1 c5 11. h3 Nbc6 12. g4 f6 13. Ng3 Be6 14. g5 Kh8 15. gxf6
Rxf6 16. Bg5 Rf7 17. Bd2 h6 18. Nh2 Raf8 19. Rf1 Nd8 20. Ng4 Ng8 21. Rae1 Bc8
22. c3 h5 23. Nh2 Bh6 24. Bxh6 Nxh6 25. Nf3 Ne6 26. Qd2 Kh7 27. Ng5+ Nxg5 28.
Qxg5 dxc3 29. bxc3 h4 30. Ne2 Rf4 31. Nxf4 Rxf4 32. d4 Nf7 33. Qxf4 exf4 34. e5
f3 35. Bxf3 Bxh3 36. Bg2 Bxg2 37. e6 Bxf1 38. Kxf1 Nd6 39. e7 Ne8 40. d5 Qd6
41. c4 h3
0-1

[Event "NM for klubblag 2017"]
[Site "Scandic Kristiansund"]
[Date "2017.10.20"]
[Round "4"]
[White "Gundersen, Ola Holmen"]
[Black "Steinkellner, Rudolf"]
[Result "1-0"]
[WhiteElo "1508"]
[BlackElo "1407"]
[PlyCount "65"]
[EventDate "2017.??.??"]

1. d4 d5 2. c4 e6 3. Nc3 Nf6 4. Nf3 c6 5. Bg5 Nbd7 6. e3 Be7 7. Qc2 O-O 8. Bd3
dxc4 9. Bxc4 h6 10. Bh4 Nd5 11. Bxe7 Qxe7 12. O-O Nxc3 13. bxc3 e5 14. Bd3 Re8
15. Nd2 Nf6 16. f3 Nd5 17. Rfe1 Qg5 18. Nf1 Bd7 19. c4 Nf6 20. dxe5 Qxe5 21.
Kh1 c5 22. e4 Bc6 23. Ne3 Rad8 24. Nd5 b6 25. Rad1 Rd7 26. f4 Qe6 27. e5 Rxd5
28. cxd5 Nxd5 29. Bc4 Nb4 30. Qb3 Qf5 31. a3 Qg4 32. Rg1 Qxf4 33. Rdf1
1-0

[Event "NM for klubblag 2017"]
[Site "Scandic Kristiansund"]
[Date "2017.10.20"]
[Round "4"]
[White "Wister, Finn Arild"]
[Black "Mollan, Daniel"]
[Result "1/2-1/2"]
[WhiteElo "1204"]
[BlackElo "1057"]
[PlyCount "91"]
[EventDate "2017.??.??"]

1. b4 e5 2. Bb2 d6 3. e3 Nf6 4. Nf3 Bg4 5. Be2 Nbd7 6. c4 g6 7. Qc2 Bg7 8. O-O
c6 9. b5 c5 10. d3 O-O 11. Nc3 h6 12. Nd2 Bxe2 13. Nxe2 Qe7 14. Ng3 d5 15. cxd5
Nxd5 16. Nge4 Rfc8 17. Qb3 N5f6 18. Nxf6+ Nxf6 19. Nc4 e4 20. Rfd1 exd3 21.
Rxd3 Rd8 22. Rad1 Rxd3 23. Qxd3 Ne4 24. Bxg7 Kxg7 25. f3 Ng5 26. Qd7 Re8 27. a4
Ne6 28. Qxe7 Rxe7 29. Rd6 b6 30. a5 Rb7 31. axb6 axb6 32. Rc6 Nc7 33. Nxb6 Nxb5
34. Nc4 Rc7 35. Rb6 Nc3 36. Kf2 Nd5 37. Rd6 Nb4 38. Ke2 Kf8 39. f4 Ra7 40. Rd8+
Ke7 41. Rc8 Ra2+ 42. Kf1 Nd3 43. Rc7+ Ke6 44. Rc6+ Ke7 45. Rc7+ Ke6 46. Rc6+
1/2-1/2

[Event "NM for klubblag 2017"]
[Site "Scandic Kristiansund"]
[Date "2017.10.20"]
[Round "4"]
[White "Hagen, Brede"]
[Black "Mihajlov, Sebastian"]
[Result "1/2-1/2"]
[WhiteElo "2024"]
[BlackElo "2365"]
[Annotator "05benbjo"]
[PlyCount "20"]
[EventDate "2017.??.??"]

1. e4 e5 2. f4 d5 3. exd5 c6 4. Qe2 cxd5 5. fxe5 Nc6 6. Nf3 Bg4 7. Qf2 Bxf3 8.
Qxf3 Nd4 9. Qd3 Qh4+ 10. g3 Qe4+
1/2-1/2

[Event "NM for klubblag 2017"]
[Site "Scandic Kristiansund"]
[Date "2017.10.20"]
[Round "4"]
[White "Lund, Terje"]
[Black "Al-Tarbosh, Ward"]
[Result "1/2-1/2"]
[WhiteElo "2029"]
[BlackElo "2235"]
[Annotator "05benbjo"]
[PlyCount "80"]
[EventDate "2017.??.??"]

1. Nf3 d5 2. g3 Nf6 3. Bg2 c6 4. O-O Bf5 5. b3 Nbd7 6. Bb2 h6 7. d3 e6 8. Nbd2
Bh7 9. Re1 Be7 10. e4 O-O 11. Qe2 Qc7 12. Bh3 dxe4 13. dxe4 Nc5 14. e5 Nfe4 15.
Nc4 Rad8 16. Bg2 b5 17. Ne3 b4 18. Rad1 Nc3 19. Bxc3 bxc3 20. Qc4 Rxd1 21. Rxd1
Rd8 22. Rxd8+ Qxd8 23. Qxc3 Be4 24. Qd4 Qc7 25. Nd2 Bxg2 26. Kxg2 Nd7 27. Nec4
Bc5 28. Qe4 Nb6 29. Nxb6 Qxb6 30. Nc4 Qc7 31. Qd3 Be7 32. c3 c5 33. f3 Qc6 34.
Kf2 Qa6 35. a3 Qb5 36. Qd1 f6 37. a4 Qb7 38. Ke3 fxe5 39. Nxe5 Bf6 40. Qd7 Qxb3
1/2-1/2